000
00420nam a2200145Ia 4500
008
180713s9999 xx 000 0 und d
082
_a
330.954 C8
100
_a
"Chatterjee, Anup "
245
0
_a
Economic Survey of India and Its States
260
_a
New Delhi
260
_b
NCBH
260
_c
2013
365
_b
"2,355.00"
942
_c
BK
999
_c
107455
_d
107455